Australian States - Sudden Death - Statistics

General Stats
  • This quiz has been taken 69 times
  • The average score is 7 of 8
Answers on the Grid
Answers color-coded by a green-red scale on the quiz's grid according to % correct below.
New South Wales
Western Australia
Queensland
Northern Territory
Tasmania
South Australia
Victoria
Australian Capital Territory
Kalamazoo
East Perth
North Island
Java
Oxley
Darwin
Central Australia
 
Answer Stats
Answer % Correct
Queensland
96%
Victoria
90%
Tasmania
88%
New South Wales
87%
Western Australia
87%
Northern Territory
79%
Australian Capital Territory
75%
South Australia
75%
No matching quizzes found
Score Distribution
Percent of People with Each Score
Percentile by Number Answered
Your Score History
You have not taken this quiz